[Event "Hradec Kralove op 13th"]
[Site "Hradec Kralove"]
[Date "2023.11.07"]
[Round "5"]
[White "Vochozka, Jindrich"]
[Black "Kalveus, Jan"]
[Result "0-1"]
[WhiteElo "1624"]
[BlackElo "1807"]
[PlyCount "116"]
[EventDate "2023.11.04"]
[EventType "swiss"]
[EventRounds "9"]
[EventCountry "CZE"]
[SourceTitle "CBM 217 Extra"]
[Source "ChessBase"]
[SourceDate "2024.01.31"]
[SourceVersion "1"]
[SourceVersionDate "2024.01.31"]
[SourceQuality "1"]

1. d4 Nf6 2. Nf3 e6 3. c4 d5 4. Nc3 c6 5. Bg5 Be7 6. e3 Nbd7 7. a3 a5 8. Bd3 h6 9. Bh4 0-0 10. 0-0 Qc7 11. Rc1 dxc4 12. Bxc4 Bd6 13. e4 e5 14. d5 Be7 15. Qe2 Nb6 16. Ba2 Bg4 17. Rfd1 Rad8 18. Bg3 Bxf3 19. Qxf3 Qb8 20. Qe3 Nfd7 21. Rc2 Kh8 22. Ne2 cxd5 23. exd5 Bd6 24. Rdc1 Rc8 25. h3 Rxc2 26. Rxc2 Rc8 27. Qd3 Rxc2 28. Qxc2 g6 29. Nc3 Qc8 30. Qd2 Kg7 31. Nb5 Be7 32. Kh2 a4 33. f4 Qc5 34. Nc3 Qd4 35. Qxd4 exd4 36. Ne4 f5 37. Nd2 Bf6 38. Bf2 d3 39. Bb1 Bxb2 40. Bxd3 Bxa3 41. Bd4+ Kf7 42. Nc4 Nxc4 43. Bxc4 Bd6 44. g3 Ke7 45. Kg2 a3 46. Kf3 Nc5 47. Ke3 h5 48. h4 Ne4 49. Ba2 Bc5 50. Bxc5+ Nxc5 51. Kd4 Kd6 52. Kc4 Ne4 53. Kb3 Nxg3 54. Kxa3 Ne2 55. Bc4 Nxf4 56. Bf1 Kxd5 57. Kb3 Ke4 58. Kc4 Kf3 0-1

[Event "Hradec Kralove op 11th"]
[Site "Hradec Kralove"]
[Date "2022.11.07"]
[Round "3"]
[White "Stross, Frantisek"]
[Black "Vochozka, Jindrich"]
[Result "1-0"]
[WhiteElo "1413"]
[BlackElo "1670"]
[PlyCount "75"]
[EventDate "2022.11.05"]
[EventType "swiss"]
[EventRounds "9"]
[EventCountry "CZE"]
[SourceTitle "CBM 211 Extra"]
[Source "ChessBase"]
[SourceDate "2023.01.31"]
[SourceVersion "1"]
[SourceVersionDate "2023.01.31"]
[SourceQuality "1"]

1. e4 e6 2. e5 d5 3. d4 c5 4. c3 Nc6 5. Be3 Qb6 6. b3 Bd7 7. Nf3 cxd4 8. cxd4 Rc8 9. Be2 Nge7 10. 0-0 Nf5 11. h3 Be7 12. a3 Nxe3 13. fxe3 Na5 14. b4 Nc4 15. Bxc4 Rxc4 16. Nbd2 Rc8 17. Qe1 Bb5 18. Rf2 0-0 19. Nb3 Bc4 20. Nc5 Qc6 21. Rd2 b6 22. Nd3 Qb7 23. Nf4 Rc6 24. Qg3 Kh8 25. Nh5 Rg8 26. Ng5 Bxg5 27. Qxg5 Qc8 28. Rf2 Qf8 29. Qh4 Bd3 30. g4 g5 31. Qg3 Rg6 32. Nf6 Qc8 33. h4 Rc1+ 34. Rxc1 Qxc1+ 35. Kh2 gxh4 36. Qxh4 Rg7 37. Nh5 Be4 38. Qd8+ 1-0

[Event "Hradec Kralove op 11th"]
[Site "Hradec Kralove"]
[Date "2022.11.05"]
[Round "1"]
[White "Moser, Axel"]
[Black "Vochozka, Jindrich"]
[Result "1-0"]
[WhiteElo "2138"]
[BlackElo "1670"]
[PlyCount "81"]
[EventDate "2022.11.05"]
[EventType "swiss"]
[EventRounds "9"]
[EventCountry "CZE"]
[SourceTitle "CBM 211 Extra"]
[Source "ChessBase"]
[SourceDate "2023.01.31"]
[SourceVersion "1"]
[SourceVersionDate "2023.01.31"]
[SourceQuality "1"]

1. d4 d5 2. Nf3 Nf6 3. c4 e6 4. Nc3 c6 5. Bg5 Be7 6. e3 Nbd7 7. Qc2 b6 8. Bd3 dxc4 9. Bxc4 Bb7 10. Rd1 0-0 11. 0-0 h6 12. Bh4 Rc8 13. a3 b5 14. Be2 a5 15. Bxf6 Bxf6 16. Ne4 Qe7 17. Nxf6+ Qxf6 18. Qc3 Rfe8 19. Qxa5 Re7 20. Rd2 e5 21. dxe5 Nxe5 22. Nxe5 Rxe5 23. Qb6 Ba8 24. Rfd1 Ree8 25. Bf3 Rb8 26. Qc7 Rbc8 27. Qa5 g6 28. h3 h5 29. Qa7 Red8 30. Qb6 Rxd2 31. Rxd2 Qe7 32. b4 Qf6 33. Rd4 Qe5 34. Rd8+ Rxd8 35. Qxd8+ Kg7 36. Qxa8 Qa1+ 37. Kh2 h4 38. Qd8 Qe5+ 39. Kg1 Qa1+ 40. Bd1 Qxa3 41. Qd4+ 1-0

[Event "Hradec Kralove op 9th"]
[Site "Hradec Kralove"]
[Date "2018.10.05"]
[Round "7"]
[White "Kudr, Roman"]
[Black "Vochozka, Jindrich"]
[Result "1/2-1/2"]
[WhiteElo "1909"]
[BlackElo "1795"]
[PlyCount "42"]
[EventDate "2018.09.30"]
[EventType "swiss"]
[EventRounds "9"]
[EventCountry "CZE"]
[SourceTitle "CBM 186 Extra"]
[Source "ChessBase"]
[SourceDate "2018.08.24"]
[SourceVersion "1"]
[SourceVersionDate "2018.08.24"]
[SourceQuality "1"]

1. d4 d5 2. Nf3 Nf6 3. e3 e6 4. Bd3 c5 5. c3 Be7 6. Nbd2 Nc6 7. 0-0 c4 8. Bc2 b5 9. e4 dxe4 10. Nxe4 Qc7 11. Nxf6+ Bxf6 12. d5 Ne5 13. Nxe5 Bxe5 14. f4 Bd6 15. dxe6 Bxe6 16. f5 0-0-0 17. Qg4 h5 18. Qh3 Bd7 19. Be3 f6 20. Rae1 g5 21. Bd4 Bc5 1/2-1/2

[Event "Hradec Kralove op 9th"]
[Site "Hradec Kralove"]
[Date "2018.10.02"]
[Round "3"]
[White "Skorna, Ullrich"]
[Black "Vochozka, Jindrich"]
[Result "1-0"]
[WhiteElo "2090"]
[BlackElo "1795"]
[PlyCount "41"]
[EventDate "2018.09.30"]
[EventType "swiss"]
[EventRounds "9"]
[EventCountry "CZE"]
[SourceTitle "CBM 186 Extra"]
[Source "ChessBase"]
[SourceDate "2018.08.24"]
[SourceVersion "1"]
[SourceVersionDate "2018.08.24"]
[SourceQuality "1"]

1. e4 e6 2. d4 d5 3. Nc3 dxe4 4. Nxe4 Nd7 5. Nf3 Be7 6. c3 Ngf6 7. Nxf6+ Nxf6 8. Ne5 0-0 9. Be3 Nd5 10. Bd3 Nxe3 11. fxe3 Bh4+ 12. g3 Bf6 13. Ng4 e5 14. 0-0 Bxg4 15. Qxg4 g6 16. Rf2 Bg7 17. Bc4 exd4 18. exd4 Qe7 19. Raf1 Qe3 20. Kg2 h5 21. Qxg6 1-0

[Event "Hradec Kralove op 8th"]
[Site "Hradec Kralove"]
[Date "2017.10.02"]
[Round "2"]
[White "Vochozka, Jindrich"]
[Black "Belus, Benjamin"]
[Result "1-0"]
[WhiteElo "1802"]
[BlackElo "1941"]
[PlyCount "87"]
[EventDate "2017.10.01"]
[EventType "swiss"]
[EventRounds "9"]
[EventCountry "CZE"]
[SourceTitle "CBM 181 Extra"]
[Source "ChessBase"]
[SourceDate "2017.12.12"]
[SourceVersion "1"]
[SourceVersionDate "2017.12.12"]
[SourceQuality "1"]

1. d4 d5 2. c4 e6 3. Nc3 Nf6 4. Bg5 Be7 5. e3 Nbd7 6. Nf3 b6 7. cxd5 Nxd5 8. Nxd5 exd5 9. Bxe7 Qxe7 10. Be2 0-0 11. 0-0 f5 12. Rc1 Qd6 13. Qc2 c5 14. Bb5 c4 15. Bxd7 Bxd7 16. g3 b5 17. a3 a5 18. Ne5 b4 19. axb4 axb4 20. Ra1 g6 21. f4 Bb5 22. Rfc1 Ra6 23. Qd1 Rfa8 24. Rxa6 Qxa6 25. g4 fxg4 26. Qxg4 Qc8 27. Qg2 Qe6 28. f5 Qd6 29. fxg6 hxg6 30. h4 Ra2 31. Qf3 Be8 32. Rb1 b3 33. Ng4 Kg7 34. Ne5 Qe6 35. Qg3 Qf5 36. Rf1 Qc2 37. Qf3 Qf5 38. Qxd5 Qh3 39. Nxc4 Qg3+ 40. Qg2 Qxg2+ 41. Kxg2 Bb5 42. Rc1 Bxc4 43. Rxc4 Rxb2+ 44. Kf3 1-0

[Event "Hradec Kralove op 7th"]
[Site "Hradec Kralove"]
[Date "2016.10.05"]
[Round "6"]
[White "Veselsky, Jan"]
[Black "Vochozka, Jindrich"]
[Result "0-1"]
[WhiteElo "1657"]
[BlackElo "1772"]
[PlyCount "110"]
[EventDate "2016.10.01"]
[EventType "swiss"]
[EventRounds "9"]
[EventCountry "CZE"]
[SourceTitle "EXT 2017"]
[Source "ChessBase"]
[SourceDate "2016.10.25"]
[SourceVersion "1"]
[SourceVersionDate "2016.10.25"]
[SourceQuality "1"]

1. d4 d5 2. c4 e6 3. Nc3 Nf6 4. Bg5 Be7 5. e3 c6 6. Nf3 0-0 7. Qc2 Nbd7 8. Rd1 Qc7 9. a3 a5 10. Bd3 h6 11. Bh4 b6 12. 0-0 Re8 13. cxd5 Nxd5 14. Nxd5 exd5 15. Bg3 Bd6 16. Rc1 Bb7 17. Qe2 Bxg3 18. hxg3 Qd6 19. Rfd1 Nf6 20. Bb1 Ne4 21. Qd3 g6 22. Ne5 c5 23. Qb3 c4 24. Qc2 b5 25. Qe2 Kg7 26. Qg4 Bc8 27. Qf3 f6 28. Bxe4 fxe5 29. dxe5 Qxe5 30. Bxd5 Rf8 31. Qe2 Ra6 32. Bf3 Be6 33. Qd2 Bf5 34. Qd5 Qxd5 35. Rxd5 Rb6 36. Rcd1 Bd3 37. b3 Bc2 38. Rd7+ Kf6 39. bxc4 Bxd1 40. Bxd1 bxc4 41. Bf3 Rc8 42. Rd1 c3 43. Be4 c2 44. Rc1 Rb1 45. Rxb1 cxb1Q+ 46. Bxb1 Rc1+ 47. Kh2 Rxb1 48. g4 Ra1 49. Kg3 Rxa3 50. Kf4 Ra4+ 51. e4 Ra3 52. f3 g5+ 53. Kg3 Rb3 54. Kf2 a4 55. g3 Ke5 0-1

[Event "Hradec Kralove op 7th"]
[Site "Hradec Kralove"]
[Date "2016.10.01"]
[Round "1"]
[White "Vochozka, Jindrich"]
[Black "Jedlicka, Lubos"]
[Result "0-1"]
[WhiteElo "1772"]
[BlackElo "2214"]
[PlyCount "70"]
[EventDate "2016.10.01"]
[EventType "swiss"]
[EventRounds "9"]
[EventCountry "CZE"]
[SourceTitle "EXT 2017"]
[Source "ChessBase"]
[SourceDate "2016.10.25"]
[SourceVersion "1"]
[SourceVersionDate "2016.10.25"]
[SourceQuality "1"]

1. d4 Nf6 2. c4 c5 3. d5 b5 4. cxb5 a6 5. Nf3 axb5 6. Bg5 Ne4 7. Qd3 Nxg5 8. Nxg5 e6 9. h4 c4 10. Qf3 Qf6 11. dxe6 fxe6 12. Nc3 Bb4 13. a3 Bb7 14. Qxf6 gxf6 15. Nf3 Nc6 16. Rc1 Ba5 17. e3 Rg8 18. Nd2 Bxc3 19. Rxc3 Ke7 20. f3 Ne5 21. Kf2 d5 22. Be2 Bc6 23. Rhc1 Rgb8 24. f4 Nd7 25. b4 Ra7 26. Nf3 e5 27. g4 Rba8 28. Ra1 Ra4 29. Rcc1 Rxa3 30. Rab1 Ra2 31. g5 d4 32. fxe5 fxe5 33. exd4 Rf8 34. Kg3 Rxe2 35. Nxe5 Nxe5 0-1

[Event "Hradec Kralove op"]
[Site "Hradec Kralove"]
[Date "2015.10.06"]
[Round "3"]
[White "Voith, Walter"]
[Black "Vochozka, Jindrich"]
[Result "0-1"]
[WhiteElo "1547"]
[BlackElo "1778"]
[PlyCount "56"]
[EventDate "2015.10.04"]
[EventType "swiss"]
[EventRounds "9"]
[EventCountry "CZE"]
[SourceTitle "CBM 168 Extra"]
[Source "ChessBase"]
[SourceDate "2015.10.29"]
[SourceVersion "1"]
[SourceVersionDate "2015.10.29"]
[SourceQuality "1"]

1. e4 e6 2. d3 d5 3. Nd2 c5 4. Ngf3 Nc6 5. g3 Nf6 6. Bg2 Be7 7. 0-0 0-0 8. Re1 dxe4 9. dxe4 Qc7 10. c3 e5 11. Qe2 Bg4 12. h3 Be6 13. Nf1 h6 14. N1h2 Rad8 15. g4 Nh7 16. h4 g5 17. hxg5 hxg5 18. Bh3 f6 19. Nf1 Qc8 20. Ne3 Kf7 21. Nh2 Rh8 22. Kg2 Nf8 23. Nf5 Ng6 24. Nf3 Rdg8 25. b3 Nf4+ 26. Bxf4 gxf4 27. N3h4 Rxh4 28. Nxh4 Bxg4 0-1

[Event "Hradec Kralove op"]
[Site "Hradec Kralove"]
[Date "2013.05.20"]
[Round "8"]
[White "Vochozka, Jindrich"]
[Black "Bagazinski, Zbyszek"]
[Result "1-0"]
[WhiteElo "1781"]
[BlackElo "1563"]
[PlyCount "49"]
[EventDate "2013.05.15"]
[EventType "swiss"]
[EventRounds "9"]
[EventCountry "CZE"]
[SourceTitle "EXT 2014"]
[Source "ChessBase"]
[SourceDate "2013.11.20"]
[SourceVersion "1"]
[SourceVersionDate "2013.11.20"]
[SourceQuality "1"]

1. d4 d5 2. c4 c6 3. cxd5 cxd5 4. Nc3 Nf6 5. Bf4 a6 6. e3 e6 7. Bd3 Nc6 8. Nf3 Be7 9. h3 0-0 10. Rc1 Bd7 11. 0-0 b5 12. Qe2 Qb6 13. b3 Na7 14. Ne5 Be8 15. Bg5 b4 16. Na4 Bxa4 17. bxa4 Qa5 18. Bxf6 Bxf6 19. Nd7 Be7 20. Nxf8 Bxf8 21. Qc2 Nc8 22. Bxh7+ Kh8 23. Bd3 Nb6 24. Qe2 Nxa4 25. Qh5+ 1-0

[Event "Hradec Kralove op"]
[Site "Hradec Kralove"]
[Date "2013.05.18"]
[Round "5"]
[White "Vochozka, Jindrich"]
[Black "Vlckova, Katerina"]
[Result "1-0"]
[WhiteElo "1781"]
[BlackElo "1885"]
[PlyCount "29"]
[EventDate "2013.05.15"]
[EventType "swiss"]
[EventRounds "9"]
[EventCountry "CZE"]
[SourceTitle "CBM 154 Extra"]
[Source "ChessBase"]
[SourceDate "2013.06.25"]
[SourceVersion "2"]
[SourceVersionDate "2013.06.25"]
[SourceQuality "1"]

1. d4 d5 2. c4 e6 3. Nc3 Nf6 4. Bg5 c6 5. e3 Nbd7 6. Nf3 Qa5 7. Bxf6 Nxf6 8. Qc2 Bb4 9. Rc1 a6 10. Bd3 0-0 11. 0-0 Rd8 12. c5 h6 13. Na4 Ne4 14. Rfd1 Qc7 15. a3 1-0

[Event "Hradec Kralove op"]
[Site "Hradec Kralove"]
[Date "2013.05.16"]
[Round "2"]
[White "Nemcova, Karin"]
[Black "Vochozka, Jindrich"]
[Result "1-0"]
[WhiteElo "1659"]
[BlackElo "1781"]
[PlyCount "93"]
[EventDate "2013.05.15"]
[EventType "swiss"]
[EventRounds "9"]
[EventCountry "CZE"]
[SourceTitle "CBM 154 Extra"]
[Source "ChessBase"]
[SourceDate "2013.06.25"]
[SourceVersion "2"]
[SourceVersionDate "2013.06.25"]
[SourceQuality "1"]

1. e4 e6 2. d4 d5 3. Nc3 dxe4 4. Nxe4 Nd7 5. Nf3 Ngf6 6. Ng3 Be7 7. Bd3 b6 8. 0-0 Bb7 9. Re1 0-0 10. Bd2 c5 11. Bc3 Rc8 12. Qe2 Re8 13. Rad1 Qc7 14. dxc5 Bxc5 15. Bb5 Bc6 16. Bxc6 Qxc6 17. Ne5 Nxe5 18. Bxe5 Be7 19. c3 b5 20. Ne4 Nxe4 21. Qxe4 Qxe4 22. Rxe4 Red8 23. Red4 f6 24. Bd6 Kf7 25. Kf1 Bxd6 26. Rxd6 Rxd6 27. Rxd6 Ke7 28. Rd4 e5 29. Rd5 a6 30. Ke2 Ke6 31. Rd3 f5 32. b3 Rc5 33. Kd2 g5 34. Rh3 Rd5+ 35. Kc2 Rd7 36. Rh6+ Kd5 37. Rxa6 Rd6 38. Rxd6+ Kxd6 39. Kd3 e4+ 40. Kd4 h5 41. c4 bxc4 42. bxc4 h4 43. c5+ Kc6 44. a4 g4 45. g3 f4 46. Kxe4 fxg3 47. fxg3 1-0

[Event "Hradec Kralove op"]
[Site "Hradec Kralove"]
[Date "2012.05.17"]
[Round "7"]
[White "Vochozka, Jindrich"]
[Black "Szucs, Matyas"]
[Result "1-0"]
[WhiteElo "1726"]
[BlackElo "1861"]
[PlyCount "77"]
[EventDate "2012.05.12"]
[EventType "swiss"]
[EventRounds "9"]
[EventCountry "CZE"]
[SourceTitle "CBM 148 Extra"]
[Source "ChessBase"]
[SourceDate "2012.06.22"]
[SourceVersion "1"]
[SourceVersionDate "2012.06.22"]
[SourceQuality "1"]

1. d4 d5 2. c4 e6 3. Nc3 c6 4. Nf3 Nf6 5. Bg5 dxc4 6. e4 b5 7. e5 h6 8. exf6 hxg5 9. fxg7 Bxg7 10. a4 b4 11. Ne4 g4 12. Ne5 Qd5 13. Qxg4 Bxe5 14. dxe5 Qxe5 15. Be2 c3 16. bxc3 bxc3 17. 0-0-0 Nd7 18. Nd6+ Ke7 19. Qf3 Nf6 20. Rhe1 Qc5 21. Qxf6+ Kxf6 22. Ne4+ Ke7 23. Nxc5 Rxh2 24. Bf3 Rb8 25. Bxc6 Rb2 26. Nd3 Rb6 27. Bf3 Ra6 28. Kc2 Rxa4 29. Ra1 Rxa1 30. Rxa1 a6 31. Nc5 f5 32. Nxa6 Bxa6 33. Rxa6 e5 34. Rg6 Kf7 35. Rg5 Kf6 36. Rh5 Rxh5 37. Bxh5 Kg5 38. Be2 e4 39. Kxc3 1-0

[Event "Hradec Kralove op"]
[Site "Hradec Kralove"]
[Date "2012.05.15"]
[Round "4"]
[White "Prachar, Josef"]
[Black "Vochozka, Jindrich"]
[Result "1/2-1/2"]
[WhiteElo "1922"]
[BlackElo "1726"]
[PlyCount "72"]
[EventDate "2012.05.12"]
[EventType "swiss"]
[EventRounds "9"]
[EventCountry "CZE"]
[SourceTitle "CBM 148 Extra"]
[Source "ChessBase"]
[SourceDate "2012.06.22"]
[SourceVersion "1"]
[SourceVersionDate "2012.06.22"]
[SourceQuality "1"]

1. d4 d5 2. Nf3 Nf6 3. e3 Bf5 4. Bd3 Bxd3 5. Qxd3 c6 6. 0-0 Nbd7 7. Nbd2 e6 8. b3 Bd6 9. Bb2 Qc7 10. c4 b6 11. Rac1 0-0 12. cxd5 exd5 13. e4 dxe4 14. Nxe4 Nd5 15. Nxd6 Qxd6 16. Ne5 Rac8 17. Qf5 Rc7 18. Nxd7 g6 19. Qe5 Qxd7 20. Rfe1 Rcc8 21. Qg3 Rfe8 22. Re5 f6 23. Rxe8+ Rxe8 24. Qf3 Re6 25. a3 Qe7 26. Kf1 f5 27. g3 Qd6 28. Kg2 Re4 29. Rd1 Qe6 30. Kf1 f4 31. g4 g5 32. Rc1 Nf6 33. h3 Qd5 34. Qc3 Re6 35. Kg1 Ne4 36. Qc4 Nf6 1/2-1/2

[Event "Hradec Kralove op"]
[Site "Hradec Kralove"]
[Date "2012.05.15"]
[Round "5"]
[White "Vochozka, Jindrich"]
[Black "Skaloud, Dusan"]
[Result "0-1"]
[WhiteElo "1726"]
[BlackElo "1956"]
[PlyCount "84"]
[EventDate "2012.05.12"]
[EventType "swiss"]
[EventRounds "9"]
[EventCountry "CZE"]
[SourceTitle "CBM 148 Extra"]
[Source "ChessBase"]
[SourceDate "2012.06.22"]
[SourceVersion "1"]
[SourceVersionDate "2012.06.22"]
[SourceQuality "1"]

1. d4 c5 2. d5 e5 3. e4 d6 4. Bb5+ Nd7 5. c4 g6 6. Nc3 Bg7 7. Nge2 Ne7 8. 0-0 0-0 9. Bxd7 Bxd7 10. f4 f5 11. fxe5 dxe5 12. Be3 b6 13. g3 h6 14. Qd2 Kh7 15. Rf2 Qb8 16. Kg2 Nc8 17. b3 Nd6 18. exf5 gxf5 19. Raf1 Qe8 20. Ng1 Qg6 21. Qc2 Rf7 22. Nf3 Bf6 23. Kh1 Raf8 24. Rg1 Qg4 25. Qd2 Qh3 26. Rfg2 Rg8 27. a4 a5 28. Rf1 Rg4 29. Ng1 Qh5 30. h3 Rfg7 31. Bxh6 R7g6 32. Bf8 Nf7 33. Qe2 Kg8 34. Rh2 R4g5 35. Qxh5 Rxh5 36. g4 fxg4 37. Ne4 Bf5 38. Nxf6+ Rxf6 39. Rhf2 g3 40. Rxf5 Rhxf5 41. Rxf5 Rxf5 42. Be7 Rf2 0-1

[Event "Hradec Kralove Sten op"]
[Site "Hradec Kralove"]
[Date "2011.05.14"]
[Round "8"]
[White "Kabelka, Ondrej"]
[Black "Vochozka, Jindrich"]
[Result "0-1"]
[WhiteElo "1331"]
[BlackElo "1734"]
[PlyCount "60"]
[EventDate "2011.05.08"]
[EventType "swiss"]
[EventRounds "9"]
[EventCountry "CZE"]
[SourceTitle "CBM 142 Extra"]
[Source "ChessBase"]
[SourceDate "2011.06.27"]
[SourceVersion "1"]
[SourceVersionDate "2011.06.27"]
[SourceQuality "1"]

1. e4 c6 2. d4 d5 3. exd5 cxd5 4. Nf3 Nc6 5. c3 Qc7 6. Bd3 Bg4 7. 0-0 e6 8. Re1 Be7 9. Nbd2 Nf6 10. Nf1 0-0 11. h3 Bxf3 12. Qxf3 a6 13. Ng3 b5 14. a3 Na5 15. Bg5 h6 16. Bxf6 Bxf6 17. Nh5 Bg5 18. Qg4 g6 19. h4 gxh5 20. Qxh5 Bf4 21. g3 Kh8 22. gxf4 Rg8+ 23. Kf1 Qxf4 24. Re3 Nc4 25. Bxc4 bxc4 26. Rf3 Qd2 27. Rxf7 Qd3+ 28. Qe2 Rg1+ 29. Kxg1 Qxe2 30. Kh2 Rg8 0-1

[Event "Nachod op 0304"]
[Site "Nachod"]
[Date "2004.??.??"]
[Round "?"]
[White "Palla, Rostislav"]
[Black "Vochozka, Jindrich"]
[Result "0-1"]
[WhiteElo "1720"]
[BlackElo "1785"]
[PlyCount "88"]
[EventDate "2003.12.??"]
[EventType "swiss"]
[EventRounds "9"]
[EventCountry "CZE"]
[SourceTitle "EXT 2007"]
[Source "ChessBase"]
[SourceDate "2006.11.23"]
[SourceVersion "1"]
[SourceVersionDate "2006.11.23"]
[SourceQuality "1"]

1. e4 e6 2. Qe2 b6 3. g3 Bb7 4. Bg2 c5 5. Nf3 g6 6. d4 cxd4 7. Nxd4 Bg7 8. c3 Ne7 9. Be3 0-0 10. Na3 d5 11. 0-0-0 Qc8 12. Qc2 Nbc6 13. f4 dxe4 14. Bxe4 Nxd4 15. Bxd4 Bxd4 16. Rxd4 Nd5 17. Nc4 Qc5 18. Ne5 Rfd8 19. Rhd1 Kg7 20. Qd2 Rdc8 21. Kb1 b5 22. Rc1 Rd8 23. Nd3 Qb6 24. b4 Nxc3+ 25. Qxc3 Qxd4 26. Bxb7 Rab8 27. Nc5 Rd6 28. Kb2 Rbd8 29. a3 h5 30. Qxd4+ Rxd4 31. Bc6 Rb8 32. Rc3 Rb6 33. Be4 Rbd6 34. Rd3 Rxd3 35. Bxd3 a6 36. Kc3 Kf8 37. Be4 Rd1 38. Nxa6 Re1 39. Bc6 Rc1+ 40. Kb3 Rxc6 41. Nc5 Ke7 42. a4 bxa4+ 43. Kxa4 Kd6 44. Na6 Rxa6+ 0-1